[Event "Dubai op-B 23rd"]
[Site "Dubai"]
[Date "2023.05.31"]
[Round "5"]
[White "Ali, Alqaisi"]
[Black "George Micheal, Kevin"]
[Result "0-1"]
[WhiteElo "1859"]
[BlackElo "2149"]
[PlyCount "78"]
[EventDate "2023.05.27"]
[EventType "swiss"]
[EventRounds "9"]
[EventCountry "UAE"]
[SourceTitle "CBM 214 Extra"]
[Source "ChessBase"]
[SourceDate "2023.07.31"]
[SourceVersion "1"]
[SourceVersionDate "2023.07.31"]
[SourceQuality "1"]

1. d4 Nf6 2. c4 e6 3. Bf4 Bb4+ 4. Nd2 0-0 5. Ngf3 d6 6. e3 Qe7 7. a3 Bxd2+ 8. Qxd2 Nbd7 9. Qc2 b6 10. Be2 Bb7 11. Bg3 Ne4 12. Nd2 Nxd2 13. Qxd2 Bxg2 14. Rg1 Bb7 15. 0-0-0 e5 16. dxe5 Nxe5 17. Qd4 f6 18. e4 Rad8 19. f4 c5 20. Qe3 Nc6 21. Bd3 Na5 22. Rde1 Ba6 23. Qe2 Qe6 24. f5 Qf7 25. Bf4 Kh8 26. Qg4 Bxc4 27. Bc2 Bb3 28. Rg3 Bxc2 29. Kxc2 Rd7 30. Rh3 d5 31. Rg1 dxe4 32. Qh4 Qg8 33. Rhg3 Nc6 34. Qh5 Nd4+ 35. Kb1 Nf3 36. R1g2 Rd1+ 37. Bc1 Qc4 38. Rc2 Rxc1+ 39. Rxc1 Nd2+ 0-1

[Event "Dubai op-B 23rd"]
[Site "Dubai"]
[Date "2023.05.30"]
[Round "4"]
[White "Sultan, Ibrahim"]
[Black "Ali, Alqaisi"]
[Result "0-1"]
[WhiteElo "2040"]
[BlackElo "1859"]
[PlyCount "92"]
[EventDate "2023.05.27"]
[EventType "swiss"]
[EventRounds "9"]
[EventCountry "UAE"]
[SourceTitle "CBM 214 Extra"]
[Source "ChessBase"]
[SourceDate "2023.07.31"]
[SourceVersion "1"]
[SourceVersionDate "2023.07.31"]
[SourceQuality "1"]

1. d4 d5 2. c4 c6 3. Nf3 Nf6 4. e3 e6 5. Nc3 Nbd7 6. Qc2 Bd6 7. b3 0-0 8. Be2 e5 9. cxd5 cxd5 10. Nb5 Bb4+ 11. Bd2 Bxd2+ 12. Nxd2 a6 13. dxe5 axb5 14. exf6 Qxf6 15. 0-0 Ne5 16. Bxb5 Bf5 17. Qc5 Ra5 18. a4 Bd3 19. Qc7 Bxf1 20. Qxa5 Nc6 21. Bxc6 Qxa1 22. Nxf1 bxc6 23. Qb6 Qa3 24. Qxc6 Qxb3 25. h3 Qc4 26. Qd7 Ra8 27. Qb7 Qxa4 28. Qxd5 h6 29. Ng3 Qa5 30. Qf3 g6 31. Ne4 Qa1+ 32. Kh2 Kg7 33. g3 Ra6 34. Kg2 Re6 35. Nc5 Rf6 36. Qe2 Qe5 37. Nd3 Qe4+ 38. Kh2 Qc4 39. Kg2 g5 40. Kh2 Rb6 41. Qd1 Qc3 42. Ne1 Rb2 43. Kg2 Rd2 44. Qb1 Qxe3 45. Qa1+ f6 46. Qa7+ Qxa7 0-1